An introduction to the mechanics of solids : (Record no. 65946)

MARC details
000 -LEADER
fixed length control field 00988nam a22002777a 4500
005 - DATE AND TIME OF LATEST TRANSACTION
control field 20120502103833.0
008 - FIXED-LENGTH DATA ELEMENTS--GENERAL INFORMATION
fixed length control field 120502t xxu||||| |||| 00| 0 eng d
010 ## - LCCN (DPL NO)
LC control number ENG-105169
020 ## - INTERNATIONAL STANDARD BOOK NUMBER
International Standard Book Number 9780071070034
Terms of availability 450.00
020 ## - INTERNATIONAL STANDARD BOOK NUMBER
International Standard Book Number 0071070036
Terms of availability 450.00
035 ## - SYSTEM CONTROL NUMBER
System control number EN-88702
037 ## - SOURCE OF ACQUISITION
Source of stock number/acquisition DBAD/PUB
040 ## - CATALOGING SOURCE
Original cataloging agency DPL
Language of cataloging Eng
082 ## - DEWEY DECIMAL CLASSIFICATION NUMBER
Classification number 620.1
100 ## - MAIN ENTRY--PERSONAL NAME
9 (RLIN) 46161
245 ## - TITLE STATEMENT
Title An introduction to the mechanics of solids :
Statement of responsibility, etc by Robert R. Archer...[et al] ; adapted by M.S. Sivakumar
Remainder of title in SI units /
250 ## - EDITION STATEMENT
Edition statement 3rd ed
260 ## - PUBLICATION, DISTRIBUTION, ETC. (IMPRINT)
Place of publication, distribution, etc New Delhi
Name of publisher, distributor, etc Tata McGraw Hill
Date of publication, distribution, etc 2012
270 ## - ADDRESS
Address 7, West Patel Nagar
City New Delhi
Postal code 110008
300 ## - PHYSICAL DESCRIPTION
Extent xiv,570p. :
Other physical details ill.
Dimensions 23cm(pbk)
500 ## - GENERAL NOTE
General note Includes index
650 ## - SUBJECT ADDED ENTRY--TOPICAL TERM
Topical term or geographic name as entry element Strength of materials
9 (RLIN) 46164
700 ## - ADDED ENTRY--PERSONAL NAME
Personal name Archer, Robert R.
9 (RLIN) 46160
942 ## - ADDED ENTRY ELEMENTS (KOHA)
Source of classification or shelving scheme Dewey Decimal Classification
Item type English Books
Classification part 620.1
Call number suffix INT
Holdings
Withdrawn status Lost status Source of classification or shelving scheme Damaged status Not for loan Collection code Home library Current library Date acquired Source of acquisition Cost, normal purchase price Total Checkouts Full call number Barcode Date last seen Copy number Cost, replacement price Koha item type
    Dewey Decimal Classification   Not For Loan Non-fiction D.B.Act.Division D.B.Act.Division 02/05/2012 DBAD/PUB 450.00   620.1 INT EN-88702 02/05/2012 1 450.00 English Books

© Delhi Public Library
Hit Counter
free hit counter